Fr. Conceicao Rodrigues College of Engineering

Handbook of Chemistry (Record no. 23854)

MARC details
000 -LEADER
fixed length control field 00326nam a2200157Ia 4500
082 ## - DEWEY DECIMAL CLASSIFICATION NUMBER
Classification number 540
Item number LAN
100 ## - MAIN ENTRY--PERSONAL NAME
Personal name Lange/N.A
245 ## - TITLE STATEMENT
Title Handbook of Chemistry
260 ## - PUBLICATION, DISTRIBUTION, ETC.
Name of publisher, distributor, etc. Handbook Publishers
Place of publication, distribution, etc. Ohio
Date of publication, distribution, etc. 1949
300 ## - PHYSICAL DESCRIPTION
Extent 1920
546 ## - LANGUAGE NOTE
Language note ENGLISH
650 ## - SUBJECT ADDED ENTRY--TOPICAL TERM
Topical term or geographic name entry element Chemistry
654 ## - SUBJECT ADDED ENTRY--FACETED TOPICAL TERMS
Focus term Handbook
942 ## - ADDED ENTRY ELEMENTS (KOHA)
Koha item type BOOK
Holdings
Withdrawn status Lost status Damaged status Not for loan Collection Home library Current library Date acquired Total Checkouts Full call number Barcode Date last seen Price effective from Koha item type
        AFT Fr. Agnel's C.Rodrigues College of Engineering Fr. Agnel's C.Rodrigues College of Engineering 17/03/2023   540 LAN AFT1559 17/03/2023 17/03/2023 BOOK